00497nam a2200145Ia 4500008004100000020001800041082001500059100003300074245006000107260001800167500001500185942000700200952012900207999001500336260604s9999 xx 000 0 und d a9780141034591 a303.49 TAL aTaleb nassim nicholas935910 0aThe Black Swan The Impect Of The Highly Improbable (PP) bPENGUIN BOOKS aBlack Swan cBK 00104070aIIMVbIIMVcGENERALd2026-06-04g799.00l0o303.49 TALp004368r2026-06-04 10:21:29v799.00w2026-06-04yBKBTAL c8750d8750